00749nam a2200193 i 450000100060000000300090000600500170001500700030003200800410003510000250007624500690010126000640017030000280023449000970026250500450035960000330040483000940043785200240053188113ES-MaACL20250809083426.0t|050103s1928 fr ||||1| fre d1 aLafourcade, Georges.13aLa jeunesse de Swinburne b: (1837-1867) / cGeorges Lafourcade. aParís : bLes Belles Lettres, c1928 (fPresses Modernes) a2 v. : bil. ; c26 cm.1 aPublications de la Faculté des lettres de l'Université de Strasbourg ; vFascicule 44-458 aContiene: T. 1. La Vie -- T. 2. L'Oeuvre04aSwinburne, Algernon Charles.00aPublications de la Faculté des lettres de l'Université de StrasbourgvFascicule 44-45 aES-MaACLjA-2186-87